000 00497nam a2200181Ia 4500
008 090124s9999 xx 000 0 und d
082 _b23838
100 _aमंगेशकर गीता
245 _a तारा
250 _a1
260 _bप्रिया प्रकाशन
_c1985
300 _a216
600 _aमंगेशकर गीता
630 _a तारा
700 _aमंगेशकर गीता
730 _a तारा
942 _cBOOK
999 _c107056
_d107056